Los hospitales antiguos de la Española / (Record no. 113742)

MARC details
000 -LEADER
campo de control de longitud fija 00717nam a2200193 i 4500
001 - NÚMERO DE CONTROL
campo de control 113742
003 - IDENTIFICADOR DE NÚMERO DE CONTROL
campo de control ES-MaACL
005 - FECHA Y HORA DE LA ÚLTIMA TRANSACCIÓN
campo de control 20230906190008.0
007 - CAMPO FIJO DE DESCRIPCIÓN FÍSICA--INFORMACIÓN GENERAL
campo de control de longitud fija t|
008 - DATOS DE LONGITUD FIJA--INFORMACIÓN GENERAL
campo de control de longitud fija 061121s1950 dr a |||| | spa d
100 1# - ENTRADA PRINCIPAL--NOMBRE DE PERSONA
Nombre de persona Palm, Erwin Walter.
9 (RLIN) 88604
245 14 - MENCIÓN DEL TÍTULO
Título Los hospitales antiguos de la Española /
Mención de responsabilidad, etc. por Erwin Walter Palm.
250 ## - MENCION DE EDICION
Mención de edición Ed. rev. y aum.
260 ## - PUBLICACIÓN, DISTRIBUCIÓN, ETC.
Lugar de publicación, distribución, etc. Ciudad Trujillo (República Dominicana) :
Nombre del editor, distribuidor, etc. Secretaría de Estado de Sanidad y Asistencia Pública,
Fecha de publicación, distribución, etc. 1950.
300 ## - DESCRIPCIÓN FÍSICA
Extensión 57 p. :
Otras características físicas il. ;
Dimensiones 29 cm.
650 #4 - PUNTO DE ACCESO ADICIONAL DE MATERIA--TÉRMINO DE MATERIA
Término de materia o nombre geográfico como elemento de entrada Hospitales-
Subdivisión geográfica La Española-
Subdivisión de forma Historia.
9 (RLIN) 169303
710 1# - ENTRADA AGREGADA--NOMBRE DE ENTIDAD CORPORATIVA
Nombre de entidad corporativa o nombre de jurisdicción como elemento de entrada República Dominicana.
Unidad subordinada Secretaría de Estado de Sanidad y Asistencia Pública.
9 (RLIN) 6423
852 ## - LOCALIZACIÓN
Ubicación ES-MaACL
Número de control de estantería 1943-F-4
Holdings
Estatus retirado Estado de pérdida Estado de daño No para préstamo Colección Biblioteca de origen Biblioteca actual Ubicación en estantería Fecha de adquisición Fuente de adquisición Total de préstamos Signatura topográfica completa Código de barras Visto por última vez Precio de reemplazo Tipo de ítem Koha
        Colección de folletos Biblioteca del Ateneo de Madrid Biblioteca del Ateneo de Madrid Depósito folletos 17/01/2008     1943-F-4 1118625 23/02/2023 23/02/2023 Folleto